000 00864nas a2200253Ia 4500
001 R012/42605
003 IT-RoPAU
008 151124c99999999xx |||||||||||| ||und||
040 _aIT-RoPAU
040 _cIT-RoPAU
041 _aITALIANO
100 _aMinganti Franco
_gCodice Aut. SPICS: 21320
210 _aCINEMA & CINEMA
222 _aCinema & Cinema
245 _aCINEMA & CINEMA, ANNO 12-N.44 (SETTEMBRE-DICEMBRE 1985)
_bAncona "60S!"
250 _a1a ed.
260 _aVENEZIA
_bMARSILIO
_c1985
501 _bPaulus - SPICS - Società San Paolo EM (non-commercial uses only)
_cCopyright2015
300 _a3 p. [91-93]
362 _aANNO 012, N.44 (SETTEMBRE-DICEMBRE 1985)
500 _aSeminario Dal Titolo Hollywood in Progress Dedicato Agli Anni Sessanta Come Anni di Transizione.
650 _aCINEMA
_vPUBBLICAZIONE PERIODICA
942 _cCR
999 _c131438
_d131438